Losowe państwa na mapie Europy - Statystyki

Ogólne statystyki
  • Ten quiz został rozwiązany 597 razy
  • Średni wynik to 9 z 10
Odpowiedzi na mapie
Odpowiedzi zakodowano w zielono-czerwonej skali na mapie do tego quizu, zgodnie z poniższymi procentami.
 
Statystyki odpowiedzi
Kraj % Poprawnych
Dania
100%
Hiszpania
100%
Irlandia
100%
Islandia
100%
Łotwa
100%
Ukraina
100%
Norwegia
98%
Finlandia
97%
Francja
97%
Niemcy
97%
Polska
97%
Rosja
97%
Szwecja
97%
Włochy
97%
Bośnia i Hercegowina
96%
Czechy
96%
Litwa
96%
Portugalia
96%
Estonia
95%
Słowacja
95%
Belgia
94%
Kosowo
94%
Albania
93%
Chorwacja
93%
Białoruś
92%
Holandia
91%
Szwajcaria
91%
Wielka Brytania
90%
Grecja
89%
Serbia
89%
Węgry
89%
Słowenia
88%
Liechtenstein
87%
Macedonia Północna
87%
Bułgaria
86%
Rumunia
86%
San Marino
86%
Austria
85%
Malta
84%
Watykan
84%
Luksemburg
82%
Monako
82%
Mołdawia
81%
Andora
79%
Czarnogóra
78%
Nie znaleziono quizów pasujących do podanych kryteriów
Rozkład punktacji
Procent ludzi z każdym wynikiem
Percentyl według liczby udzielonych odpowiedzi
Twoja historia wyników
Nie rozwiązałeś tego quizu